| 000 | 00651nam a22001937a 4500 | ||
|---|---|---|---|
| 005 | 20250610115855.0 | ||
| 010 | _aENG-145260 | ||
| 020 |
_a9789380406732 _c350.00 |
||
| 035 | _aEN-128792 | ||
| 037 | _bDBAD | ||
| 082 |
_a374.4 _21 |
||
| 245 |
_aInnovative Techniques in the Medium of Learning in Education/ _cOrganized By Nandha College of Education |
||
| 250 | _a1 | ||
| 260 |
_aTamil Nadu _bNandha College of Education _c2013 |
||
| 270 |
_bTamil Nadu _aKoorapalayam Pirivu, Pitchandampalayam, Erode Dist _e638052 _k04294224588 _k9965299199 |
||
| 300 |
_aix, 198p. _c29cm (pb) |
||
| 700 | _977225 | ||
| 942 |
_2ddc _cEN _h374.4 _mINN |
||
| 999 |
_c211691 _d211691 |
||